Statistiken für Manchester United Kader 2019/20

Klicken Sie hier um das Quiz zu spielen!

Allgemein

  • Dieses Quiz wurde 242 mal gespielt
  • Das Durchschnittsergebnis liegt bei 14 aus 28

Antwortstatistiken

PositionName% Korrekt
TorwartDavid de Gea
99%
SturmMarcus Rashford
92%
AbwehrHarry Maguire
88%
AbwehrLuke Shaw
78%
MittelfeldPaul Pogba
77%
SturmAnthony Martial
76%
AbwehrAaron Wan-Bissaka
75%
MittelfeldBruno Fernandes
70%
AbwehrVictor Lindelöf
65%
MittelfeldFred
61%
SturmMason Greenwood
56%
MittelfeldScott McTominay
56%
AbwehrEric Bailly
55%
AbwehrPhil Jones
53%
AbwehrDiogo Dalot
50%
MittelfeldJuan Mata
47%
MittelfeldNemanja Matic
47%
TrainerOle Gunnar Solskjaer
46%
MittelfeldJesse Lingard
44%
TorwartSergio Romero
42%
SturmDaniel James
26%
TowartLee Grant
26%
AbwehrAxel Tuanzebe
23%
AbwehrBrandon Williams
22%
SturmOdion Ighalo
18%
MittelfeldAndreas Pereira
16%
SturmTahith Chong
12%
AbwehrTimothy Fosu-Mensah
10%

Verteilung der Resultate

Perzentil nach korrekt beantworteten Fragen

Anzahl Personen mit jedem Resultat

Ihre Resultats-Entwicklung

Sie haben dieses Quiz noch nicht gespielt